[Event "Swiss-544.4.05"]
[Site "IECC email"]
[Date "2010.11.15"]
[Round "?"]
[White "Young, Mark"]
[Black "Komine, Koki"]
[Result "0-1"]
[WhiteElo "1552"]
[BlackElo "1266"]
[PlyCount "50"]
[EventDate "2010.??.??"]
[EventType "tourn (corr)"]
[SourceTitle "Telechess CBM 145"]
[Source "Chessbase"]
[SourceDate "2011.11.11"]
[SourceVersion "1"]
[SourceVersionDate "2011.11.11"]
[SourceQuality "1"]
[WhiteTeam "Canada"]
[BlackTeam "Japan"]
[WhiteTeamCountry "CAN"]
[BlackTeamCountry "JPN"]

1. d4 Nf6 2. c4 e6 3. Nf3 c5 4. d5 d6 5. Nc3 exd5 6. cxd5 g6 7. e4 Bg7 8. h3 0-0 9. Bd3 b5 10. Nxb5 Re8 11. Nd2 Nxe4 12. Bxe4 Ba6 13. a4 f5 14. 0-0 fxe4 15. Re1 e3 16. Rxe3 Rxe3 17. fxe3 Nd7 18. Qg4 Ne5 19. Qe6+ Kh8 20. Qxd6 Qb6 21. Nf3 Nxf3+ 22. gxf3 Bxb5 23. Qh2 Ba6 24. e4 Qb3 25. Ra3 Qd1+ 0-1

[Event "IECC Swiss-514.3"]
[Site "IECC email"]
[Date "2007.08.07"]
[Round "?"]
[White "Young, Mark"]
[Black "Kulkarni, Samir"]
[Result "0-1"]
[WhiteElo "1672"]
[BlackElo "1540"]
[PlyCount "52"]
[EventDate "2007.??.??"]
[EventType "swiss (corr)"]
[EventRounds "1"]
[SourceTitle "Corr 2011"]
[Source "ChessBase"]
[SourceDate "2010.08.31"]
[SourceVersion "1"]
[SourceVersionDate "2010.08.31"]
[SourceQuality "1"]
[WhiteTeam "Netherlands"]
[BlackTeam "Poland"]
[WhiteTeamCountry "NED"]
[BlackTeamCountry "POL"]

1. d4 d5 2. c4 dxc4 3. e4 b5 4. a4 c6 5. axb5 cxb5 6. b3 e5 7. d5 Nf6 8. Bg5 Bb4+ 9. Bd2 Bc5 10. Ba5 Qe7 11. f3 Nxe4 12. fxe4 Qh4+ 13. g3 Qxe4+ 14. Qe2 Qxh1 15. Qxe5+ Kf8 16. d6 Nd7 17. Qe7+ Kg8 18. Nh3 Qxh2 19. Ng5 Qf2+ 20. Kd1 Qxf1+ 21. Kc2 cxb3+ 22. Kxb3 Qc4+ 23. Kb2 b4 24. Nd2 Bd4+ 25. Kb1 Qd3+ 26. Kc1 Qc3+ 0-1

[Event "IECG RL.2006.0.00049"]
[Site "IECG email"]
[Date "2006.07.07"]
[Round "?"]
[White "Young, Mark"]
[Black "Wurm, Tamas"]
[Result "1-0"]
[WhiteElo "1483"]
[BlackElo "1034"]
[PlyCount "47"]
[EventDate "2006.07.07"]
[EventType "tourn (corr)"]
[EventRounds "6"]
[SourceTitle "Corr 2008"]
[Source "ChessBase"]
[SourceDate "2008.06.24"]
[SourceVersion "1"]
[SourceVersionDate "2008.06.24"]
[SourceQuality "1"]

1. d4 Nf6 2. c4 g6 3. Nc3 d5 4. cxd5 Nxd5 5. e4 Nxc3 6. bxc3 Bg7 7. Nf3 c5 8. Rb1 0-0 9. Be2 cxd4 10. cxd4 Qa5+ 11. Bd2 Qxa2 12. 0-0 Bg4 13. Bg5 h6 14. Be3 b6 15. Qd3 Nc6 16. Ra1 Qe6 17. d5 Qd6 18. dxc6 Qxd3 19. Bxd3 Bxa1 20. Rxa1 Rfc8 21. Ne5 h5 22. Ba6 Rc7 23. Nxg4 hxg4 24. Bb7 1-0

[Event "IECG RI.2006.0.00057"]
[Site "IECG email"]
[Date "2006.06.13"]
[Round "?"]
[White "Gurkan, Ibrahim"]
[Black "Young, Mark"]
[Result "0-1"]
[WhiteElo "1700"]
[BlackElo "1930"]
[PlyCount "44"]
[EventDate "2006.06.13"]
[EventType "tourn (corr)"]
[EventRounds "6"]
[SourceTitle "Corr 2008"]
[Source "ChessBase"]
[SourceDate "2008.06.24"]
[SourceVersion "1"]
[SourceVersionDate "2008.06.24"]
[SourceQuality "1"]

1. e4 c5 2. Nf3 Nc6 3. d4 cxd4 4. Nxd4 g6 5. Be3 Nf6 6. Nc3 Bg7 7. f3 0-0 8. Qd2 d5 9. 0-0-0 Nxd4 10. Bxd4 dxe4 11. fxe4 Be6 12. Be3 Qa5 13. a3 Rfd8 14. Qe1 Rxd1+ 15. Qxd1 Rd8 16. Qf3 a6 17. Bd3 b5 18. Bd2 Qb6 19. h4 Qb7 20. g4 Bxg4 21. Qg3 Bh5 22. e5 Qxh1+ 0-1

[Event "IECG RI.2006.0.00057"]
[Site "IECG email"]
[Date "2006.06.13"]
[Round "?"]
[White "Young, Mark"]
[Black "Sen, Tuncay"]
[Result "0-1"]
[WhiteElo "1930"]
[BlackElo "1649"]
[PlyCount "44"]
[EventDate "2006.06.13"]
[EventType "tourn (corr)"]
[EventRounds "6"]
[SourceTitle "Corr 2008"]
[Source "ChessBase"]
[SourceDate "2008.06.24"]
[SourceVersion "1"]
[SourceVersionDate "2008.06.24"]
[SourceQuality "1"]

1. d4 d5 2. c4 e6 3. Nc3 c6 4. e4 dxe4 5. Nxe4 Bb4+ 6. Bd2 Qxd4 7. Bxb4 Qxe4+ 8. Be2 Qxg2 9. Qd6 Nd7 10. 0-0-0 Qxf2 11. Bg4 Qe3+ 12. Rd2 c5 13. Bc3 Ngf6 14. Bxf6 gxf6 15. Nf3 Qh6 16. Rhd1 Qf8 17. Qc7 Qe7 18. b4 h5 19. Bh3 cxb4 20. Nd4 a6 21. Nb3 Rg8 22. Na5 Qd8 0-1

[Event "IECG RI.2006.0.00055"]
[Site "IECG email"]
[Date "2006.05.25"]
[Round "?"]
[White "Young, Mark"]
[Black "Linklater, Lloyd"]
[Result "0-1"]
[WhiteElo "1930"]
[BlackElo "1919"]
[PlyCount "60"]
[EventDate "2006.05.25"]
[EventType "tourn (corr)"]
[EventRounds "6"]
[SourceTitle "Corr 2008"]
[Source "ChessBase"]
[SourceDate "2008.06.24"]
[SourceVersion "1"]
[SourceVersionDate "2008.06.24"]
[SourceQuality "1"]

1. d4 e5 2. dxe5 Nc6 3. Nf3 f6 4. exf6 Nxf6 5. Bg5 Bb4+ 6. Nbd2 0-0 7. e3 Be7 8. Bd3 Nb4 9. Bc4+ d5 10. Bb3 c5 11. a3 Nc6 12. 0-0 Kh8 13. Re1 c4 14. Ba2 Bg4 15. h3 Bh5 16. g4 Bf7 17. Qe2 Bg6 18. Nf1 Ne4 19. Bxe7 Qxe7 20. Rad1 Rxf3 21. Qxf3 Rf8 22. Qg2 Rxf2 23. Qxf2 Nxf2 24. Kxf2 Qf6+ 25. Kg1 Ne5 26. Nh2 Nf3+ 27. Nxf3 Qxf3 28. Rf1 Qg3+ 29. Kh1 Be4+ 30. Rf3 Bxf3# 0-1

[Event "IECG OP.2006.0.00050"]
[Site "IECG email"]
[Date "2006.05.22"]
[Round "?"]
[White "Oxley, Duncan"]
[Black "Young, Mark"]
[Result "0-1"]
[WhiteElo "1830"]
[BlackElo "1930"]
[PlyCount "52"]
[EventDate "2006.05.22"]
[EventType "tourn (corr)"]
[EventRounds "6"]
[SourceTitle "Corr 2008"]
[Source "ChessBase"]
[SourceDate "2008.06.24"]
[SourceVersion "1"]
[SourceVersionDate "2008.06.24"]
[SourceQuality "1"]

1. d4 d5 2. Nf3 e6 3. c4 c6 4. Nc3 dxc4 5. a4 Bb4 6. e4 b5 7. Be2 Bb7 8. 0-0 a6 9. Qc2 Nf6 10. Bg5 Qb6 11. Be3 Qc7 12. Rfd1 0-0 13. Ne5 Bd6 14. f4 c5 15. axb5 cxd4 16. Bxd4 Nbd7 17. Nxc4 Bxf4 18. g3 Bxg3 19. hxg3 Qxg3+ 20. Kf1 axb5 21. Bf2 Qh3+ 22. Ke1 bxc4 23. Bf1 Qh1 24. Kd2 Rxa1 25. Rxa1 Rd8 26. Re1 Nc5+ 0-1

[Event "IECG OP.2006.0.00049"]
[Site "IECG email"]
[Date "2006.05.20"]
[Round "?"]
[White "Young, Mark"]
[Black "Weglicki, Slawomir"]
[Result "0-1"]
[WhiteElo "1930"]
[BlackElo "1800"]
[PlyCount "82"]
[EventDate "2006.05.20"]
[EventType "tourn (corr)"]
[EventRounds "6"]
[SourceTitle "Corr 2008"]
[Source "ChessBase"]
[SourceDate "2008.06.24"]
[SourceVersion "1"]
[SourceVersionDate "2008.06.24"]
[SourceQuality "1"]

1. d4 Nf6 2. c4 e6 3. Nc3 Bb4 4. f3 c5 5. d5 Bxc3+ 6. bxc3 d6 7. e4 e5 8. Bd3 Nbd7 9. Ne2 h6 10. h4 Nb6 11. Bd2 Bd7 12. a4 Nc8 13. g4 b6 14. Ng3 Ne7 15. Kf2 Qc8 16. g5 Nfg8 17. Nh5 g6 18. Ng3 f6 19. f4 exf4 20. Bxf4 Qc7 21. gxf6 Nxf6 22. Qe2 0-0 23. Kg2 Ng4 24. Qd2 Rxf4 25. Qxf4 Rf8 26. Qd2 Rf2+ 27. Qxf2 Nxf2 28. Kxf2 Qd8 29. Ke3 g5 30. hxg5 Ng6 31. Nf5 Qxg5+ 32. Kf2 Bxf5 33. exf5 Qd2+ 34. Be2 Nf4 35. Rag1+ Kf7 36. Kf3 Nxe2 37. Rg2 Qd3+ 38. Kf2 Nxc3 39. Rhg1 Ne4+ 40. Ke1 Kf6 41. Re2 Qb1# 0-1

[Event "IECG RI.2006.0.00052"]
[Site "IECG email"]
[Date "2006.05.13"]
[Round "?"]
[White "Young, Mark"]
[Black "Guney, Omer Engin"]
[Result "0-1"]
[WhiteElo "1930"]
[BlackElo "1736"]
[PlyCount "60"]
[EventDate "2006.05.13"]
[EventType "tourn (corr)"]
[EventRounds "6"]
[SourceTitle "Corr 2008"]
[Source "ChessBase"]
[SourceDate "2008.06.24"]
[SourceVersion "1"]
[SourceVersionDate "2008.06.24"]
[SourceQuality "1"]

1. d4 Nf6 2. c4 e6 3. Nc3 Bb4 4. f3 d5 5. a3 Bxc3+ 6. bxc3 c5 7. cxd5 Nxd5 8. dxc5 Qa5 9. e4 Ne7 10. Be3 0-0 11. Qb3 Qc7 12. Bb5 a6 13. Ba4 Bd7 14. Rd1 Bc6 15. Ne2 Nd7 16. Bxc6 Nxc6 17. a4 Nce5 18. Qb4 Rfc8 19. 0-0 Nxc5 20. Rb1 Ned3 21. Qa3 Rd8 22. a5 Rd7 23. Rfd1 Rad8 24. Nc1 Ne5 25. Rf1 Rc8 26. Qb4 Ncd3 27. Qa4 Nc4 28. Bb6 Nxb6 29. Rxb6 Qc5+ 30. Kh1 Nf2+ 0-1